000 00667nam a22001937a 4500
005 20100727114810.0
010 _aENG-97181
020 _c50.00
035 _aEN-80714
037 _bDBAD/PUB
082 _a342.54085
100 _aRao V Bhaskara
_92450
245 _aIndian Constituion & human rights /
_cby V Bhaskara Rao
260 _aWarangal
_bPrajahita Prachuranalu
270 _aH.NO. 1-7-454 Revenue Colony Hanamkonda
300 _a87 p
_c21 cm.(pbk)
942 _2ddc
_cEN
_h342.54085
_mRAO
999 _c37879
_d37879